004730000a22001570004500003001100000005001700011008004100028020001500069040003900084041000800123082001500131245004300146260004100189300005800230650002700288LK-CoMWRAF20231027144451.0230817t1997 ||||| |||| 00| 0 eng d a955906245X aLK-CoMWRAFdLK-CoMWRAFeLK-CoMWRAF aeng a323.4bSRI aSri Lanka:bstate of human rights 1997 aColombo:bLaw & Society Trust,c1997 axviii, 315p. : 22 cmbBibliography and index included aCIVIL RIGHTS-Sri Lanka